Culture Générale - Série 1498 - Statistiques

Statistiques générales
  • Ce quiz a été pris 93 fois
  • Le résultat moyen est 5 sur 10
Statistiques - réponses
Question Réponse % Correct
Quelle eau-de-vie de cidre porte le nom d'un département normand ? calvados
86%
Quelle est la nationalité d'un Javanais ? Indonésienne
79%
Quel nom de capitale européenne commence par la lettre K ? Kiev
78%
orsque l'Assemblée nationale adopte une motion de censure, quel organe de l'État français doit démissionner ? gouvernement
63%
Quel nom d'insecte désigne familièrement une contravention ? papillon
37%
Quelle série américaine, créée en 2001, met en scène l'adolescence de Clark Kent avant qu'il ne devienne Superman ? Smallville
36%
En 2000, quel film réunit Virginie Ledoyen, Guillaume Canet et Leonardo DiCaprio ? La Plage
35%
Quel philosophe a écrit “Le Rire” en 1900 ? Henri Bergson
21%
Le dispositif que la police utilise pour bloquer la roue d'un véhicule mal stationné est le sabot de... Denver
12%
Quel est le prénom du commissaire Moulin interprété par Yves Rénier dans la série télévisée ? Jean-Paul
12%
Aucun quiz correspondant
Distribution des résultats
% des personnes avec chaque résultat
Percentile par nombre de réponses
Votre historique - résultats
Vous n’avez pas pris ce quiz